[Event "Bad Griesbach Seniors op 5th"]
[Site "Bad Griesbach"]
[Date "2002.11.28"]
[Round "5"]
[White "Schmidt, Siegfried"]
[Black "Kodalle, Alfred"]
[Result "1/2-1/2"]
[WhiteElo "1626"]
[BlackElo "1517"]
[PlyCount "86"]
[EventDate "2002.11.24"]
[EventType "swiss"]
[EventRounds "7"]
[EventCountry "GER"]
[SourceTitle "EXT 2006"]
[Source "ChessBase"]
[SourceDate "2005.11.24"]
[SourceVersion "1"]
[SourceVersionDate "2005.11.24"]
[SourceQuality "1"]

1. d4 Nf6 2. c4 g6 3. Nc3 Bg7 4. e4 d6 5. f4 0-0 6. Nf3 Bg4 7. Be2 Nc6 8. Be3 Bxf3 9. Bxf3 e5 10. fxe5 dxe5 11. d5 Nd4 12. Bxd4 exd4 13. Qxd4 Ng4 14. Qd3 Ne5 15. Qe2 Nxf3+ 16. gxf3 Qe7 17. 0-0-0 Bxc3 18. bxc3 Qe5 19. Kc2 Rae8 20. Rhe1 f5 21. Rd4 f4 22. Red1 Qd6 23. Rb1 b6 24. Kb2 Re5 25. Rg1 Rff5 26. Rg4 Rf7 27. a3 Qf6 28. Qd2 h5 29. Rg1 Qd6 30. Ka2 Kh7 31. Qb2 a6 32. Qb4 Kh6 33. Qxd6 cxd6 34. Rb1 Rb7 35. a4 h4 36. Rd2 Rg5 37. c5 dxc5 38. d6 Rd7 39. Rxb6 h3 40. Rbb2 c4 41. Ka3 a5 42. Rb5 Rg2 43. Rbd5 Kg7 1/2-1/2

[Event "Bad Griesbach Seniors op 5th"]
[Site "Bad Griesbach"]
[Date "2002.11.25"]
[Round "2"]
[White "Kodalle, Alfred"]
[Black "Schoeffler, Herta"]
[Result "0-1"]
[WhiteElo "1517"]
[BlackElo "1623"]
[PlyCount "119"]
[EventDate "2002.11.24"]
[EventType "swiss"]
[EventRounds "7"]
[EventCountry "GER"]
[SourceTitle "EXT 2006"]
[Source "ChessBase"]
[SourceDate "2005.11.24"]
[SourceVersion "1"]
[SourceVersionDate "2005.11.24"]
[SourceQuality "1"]

1. e4 c5 2. Nf3 e6 3. d4 cxd4 4. Nxd4 Nc6 5. Nc3 a6 6. Be2 g6 7. 0-0 Bg7 8. Nxc6 bxc6 9. Bf4 Ne7 10. Qd2 0-0 11. Bh6 d5 12. Bxg7 Kxg7 13. Rad1 Qc7 14. exd5 cxd5 15. Bd3 Rb8 16. b3 Rd8 17. Ne2 Bb7 18. Ng3 Rbc8 19. Qe2 a5 20. Rfe1 Nc6 21. h4 Nb4 22. Qg4 Nxa2 23. h5 Rg8 24. hxg6 hxg6 25. Nh5+ Kf8 26. Nf6 Rh8 27. g3 d4 28. Be4 Bxe4 29. Qxe4 Nc3 30. Qxd4 Nxd1 31. Nd5 e5 32. Qxd1 Qxc2 33. Qxc2 Rxc2 34. b4 axb4 35. Nxb4 Rc4 36. Nd5 e4 37. Nf6 Rc6 38. Nd5 f5 39. Ra1 Kg7 40. Kg2 Rd6 41. Ra7+ Kh6 42. Ne3 Rc8 43. Ra1 Rd2 44. Rh1+ Kg5 45. Rf1 Rc3 46. Kg1 Kf6 47. Ng2 g5 48. Ne3 Ke5 49. Ng2 Rdc2 50. Ne3 Rc1 51. Rxc1 Rxc1+ 52. Kg2 f4 53. gxf4+ gxf4 54. Ng4+ Kd4 55. Kh2 Rc8 56. Kg2 Rg8 57. f3 e3 58. Kf1 Ra8 59. Kg1 Ra1+ 60. Kg2 0-1